[Event "ABC 2024 Utrecht, Groep B"]
[Site "Utrecht"]
[Date "2024.03.10"]
[Round "6.4"]
[White "Pathak, Raghav"]
[Black "Leenen, Boyd"]
[Result "0-1"]
[WhiteElo "1960"]
[BlackElo "1852"]

1. e4 {[%clk 00:53:12]} {[%emt 00:02:07]} e5 {[%clk 00:55:15]} {[%emt
00:00:06]} 2. Nf3 {[%clk 00:53:17]} {[%emt 00:00:05]} Nc6 {[%clk 00:55:20]}
{[%emt 00:00:04]} 3. d4 {[%clk 00:53:25]} {[%emt 00:00:02]} exd4 {[%clk
00:55:25]} {[%emt 00:00:06]} 4. Nxd4 {[%clk 00:53:32]} {[%emt 00:00:02]} Nf6
{[%clk 00:55:27]} {[%emt 00:00:08]} 5. Nxc6 {[%clk 00:53:40]} {[%emt 00:00:03]}
bxc6 {[%clk 00:55:31]} {[%emt 00:00:06]} 6. e5 {[%clk 00:53:44]} {[%emt
00:00:06]} Nd5 {[%clk 00:55:36]} {[%emt 00:00:04]} 7. c4 {[%clk 00:53:51]}
{[%emt 00:00:04]} Nb6 {[%clk 00:55:43]} {[%emt 00:00:03]} 8. Nc3 {[%clk
00:53:54]} {[%emt 00:00:07]} d5 {[%clk 00:55:39]} {[%emt 00:00:13]} 9. exd6
{[%clk 00:53:50]} {[%emt 00:00:15]} cxd6 {[%clk 00:55:41]} {[%emt 00:00:08]} 10.
Bd3 {[%clk 00:53:35]} {[%emt 00:00:25]} Be7 {[%clk 00:55:40]} {[%emt 00:00:09]}
11. O-O {[%clk 00:53:41]} {[%emt 00:00:05]} O-O {[%clk 00:55:39]} {[%emt
00:00:11]} 12. b3 {[%clk 00:53:25]} {[%emt 00:00:27]} Bf6 {[%clk 00:55:36]}
{[%emt 00:00:12]} 13. Qc2 {[%clk 00:53:11]} {[%emt 00:00:24]} h6 {[%clk
00:55:36]} {[%emt 00:00:10]} 14. Bb2 {[%clk 00:53:19]} {[%emt 00:00:03]} Be6
{[%clk 00:55:27]} {[%emt 00:00:19]} 15. Rad1 {[%clk 00:53:22]} {[%emt
00:00:06]} d5 {[%clk 00:55:06]} {[%emt 00:00:30]} 16. cxd5 {[%clk 00:52:41]}
{[%emt 00:00:52]} cxd5 {[%clk 00:55:04]} {[%emt 00:00:12]} 17. Ne2 {[%clk
00:52:10]} {[%emt 00:00:41]} Rc8 {[%clk 00:54:02]} {[%emt 00:01:12]} 18. Qb1
{[%clk 00:51:51]} {[%emt 00:00:29]} Bxb2 {[%clk 00:47:53]} {[%emt 00:06:19]} 19.
Qxb2 {[%clk 00:51:35]} {[%emt 00:00:27]} Re8 {[%clk 00:47:21]} {[%emt
00:00:42]} 20. h3 {[%clk 00:51:15]} {[%emt 00:00:29]} Qd6 {[%clk 00:43:31]}
{[%emt 00:04:00]} 21. Rfe1 {[%clk 00:50:24]} {[%emt 00:01:01]} Nd7 {[%clk
00:41:36]} {[%emt 00:02:05]} 22. Bb5 {[%clk 00:50:22]} {[%emt 00:00:12]} Red8
{[%clk 00:41:35]} {[%emt 00:00:11]} 23. Bxd7 {[%clk 00:50:06]} {[%emt
00:00:26]} Qxd7 {[%clk 00:41:36]} {[%emt 00:00:09]} 24. Qd4 {[%clk 00:49:47]}
{[%emt 00:00:30]} Rc2 {[%clk 00:41:02]} {[%emt 00:00:44]} 25. a4 {[%clk
00:45:44]} {[%emt 00:04:12]} f6 {[%clk 00:36:29]} {[%emt 00:04:39]} 26. Qb4
{[%clk 00:43:12]} {[%emt 00:02:46]} Bf7 {[%clk 00:35:20]} {[%emt 00:01:20]} 27.
Nd4 {[%clk 00:43:12]} {[%emt 00:00:10]} Rc7 {[%clk 00:35:24]} {[%emt 00:00:03]}
28. f4 {[%clk 00:39:35]} {[%emt 00:03:49]} Rb7 {[%clk 00:31:46]} {[%emt
00:03:48]} 29. Qd2 {[%clk 00:38:45]} {[%emt 00:00:59]} Re8 {[%clk 00:27:20]}
{[%emt 00:04:37]} 30. Qd3 {[%clk 00:36:54]} {[%emt 00:02:02]} Rbb8 {[%clk
00:26:00]} {[%emt 00:01:28]} 31. Kf2 {[%clk 00:35:50]} {[%emt 00:01:15]} Qd6
{[%clk 00:25:49]} {[%emt 00:00:21]} 32. g3 {[%clk 00:34:41]} {[%emt 00:01:19]}
Re4 {[%clk 00:23:00]} {[%emt 00:02:59]} 33. Rxe4 {[%clk 00:27:19]} {[%emt
00:07:31]} dxe4 {[%clk 00:23:01]} {[%emt 00:00:09]} 34. Qe3 {[%clk 00:26:37]}
{[%emt 00:00:52]} Rxb3 {[%emt 00:00:58]} 35. Qc1 {[%clk 00:24:38]} {[%emt
00:02:09]} Ra3 {[%emt 00:05:04]} 36. Ne2 {[%emt 00:01:13]} Qb6+ {[%emt
00:00:10]} 37. Kg2 {[%emt 00:02:04]} Qb3 {[%clk 00:19:03]} 38. Rd2 {[%clk
00:17:35]} {[%emt 00:02:42]} Kh7 {[%clk 00:17:30]} {[%emt 00:01:41]} 39. Kh2
{[%clk 00:16:33]} {[%emt 00:01:13]} Bh5 {[%clk 00:16:49]} {[%emt 00:00:52]} 40.
Qe1 {[%clk 00:14:35]} {[%emt 00:02:08]} Qe3 {[%emt 00:05:58]} 41. Rb2 {[%emt
00:01:06]} f5 {[%clk 00:11:07]} {[%emt 00:00:06]} 42. Rc2 {[%clk 00:12:49]}
{[%emt 00:00:58]} Rxa4 {[%clk 00:10:59]} {[%emt 00:00:18]} 43. Qf1 {[%clk
00:10:59]} {[%emt 00:01:59]} Ra3 {[%clk 00:10:53]} {[%emt 00:00:16]} 44. Qe1
{[%clk 00:10:12]} {[%emt 00:00:58]} Rd3 {[%clk 00:10:54]} {[%emt 00:00:08]} 45.
Ra2 {[%clk 00:09:58]} {[%emt 00:00:25]} Rd1 {[%clk 00:10:14]} {[%emt 00:00:50]}
0-1

[Event "ABC 2024 Utrecht, Groep B"]
[Site "Utrecht"]
[Date "2024.03.10"]
[Round "6.5"]
[White "Guillaumond, Matthieu"]
[Black "Ramdien, Steven"]
[Result "1-0"]
[WhiteElo "1948"]
[BlackElo "1794"]

1. e4 {[%clk 00:55:20]} c5 {[%clk 00:55:14]} {[%emt 00:00:06]} 2. c3 {[%clk
00:55:27]} {[%emt 00:00:02]} d5 {[%clk 00:54:43]} {[%emt 00:00:42]} 3. exd5
{[%clk 00:55:32]} {[%emt 00:00:05]} Qxd5 {[%clk 00:54:43]} {[%emt 00:00:09]} 4.
d4 {[%clk 00:55:39]} {[%emt 00:00:04]} e6 {[%clk 00:54:47]} {[%emt 00:00:06]} 5.
Na3 {[%clk 00:55:46]} {[%emt 00:00:03]} Nf6 {[%clk 00:53:35]} {[%emt 00:01:22]}
6. Be3 {[%clk 00:55:49]} {[%emt 00:00:07]} cxd4 {[%clk 00:51:29]} {[%emt
00:02:15]} 7. Nb5 {[%clk 00:55:53]} {[%emt 00:00:07]} Na6 {[%clk 00:50:02]}
{[%emt 00:01:37]} 8. Qxd4 {[%clk 00:55:23]} {[%emt 00:00:40]} Be7 {[%clk
00:47:49]} {[%emt 00:02:22]} 9. Nf3 {[%clk 00:49:17]} {[%emt 00:06:16]} O-O
{[%clk 00:44:57]} {[%emt 00:03:03]} 10. Bc4 {[%clk 00:43:44]} {[%emt 00:05:44]}
Qxd4 {[%emt 00:05:51]} 11. Bxd4 {[%clk 00:43:00]} {[%emt 00:00:21]} Nc5 {[%clk
00:37:55]} {[%emt 00:02:03]} 12. b4 {[%clk 00:41:15]} {[%emt 00:01:55]} Nce4
{[%clk 00:35:44]} {[%emt 00:02:21]} 13. Nc7 {[%clk 00:38:35]} {[%emt 00:02:50]}
Bd7 {[%clk 00:35:21]} {[%emt 00:00:31]} 14. Nxa8 {[%clk 00:38:35]} {[%emt
00:00:12]} Rxa8 {[%clk 00:35:23]} {[%emt 00:00:08]} 15. Ne5 {[%clk 00:31:51]}
{[%emt 00:06:53]} a6 {[%clk 00:29:41]} {[%emt 00:05:53]} 16. Nxd7 {[%clk
00:31:17]} {[%emt 00:00:45]} Nxd7 {[%clk 00:29:44]} {[%emt 00:00:06]} 17. f3
{[%clk 00:28:14]} {[%emt 00:03:13]} Nd6 {[%clk 00:27:31]} {[%emt 00:02:22]} 18.
Bd3 {[%clk 00:26:49]} {[%emt 00:01:36]} Rc8 {[%clk 00:26:39]} {[%emt 00:01:01]}
19. Kd2 {[%clk 00:25:29]} {[%emt 00:01:31]} e5 {[%clk 00:26:26]} {[%emt
00:00:24]} 20. Bf2 {[%clk 00:21:39]} {[%emt 00:03:59]} f5 {[%clk 00:24:30]}
{[%emt 00:02:04]} 21. Rhe1 {[%emt 00:11:09]} Bf6 {[%clk 00:22:02]} 22. Rac1
{[%clk 00:12:01]} {[%emt 00:01:29]} b5 {[%clk 00:18:21]} {[%emt 00:03:51]} 23.
h4 {[%clk 00:11:09]} {[%emt 00:01:01]} g6 {[%clk 00:17:05]} {[%emt 00:01:25]}
24. Rc2 {[%clk 00:08:49]} {[%emt 00:02:31]} Kf7 {[%clk 00:14:55]} {[%emt
00:02:20]} 25. Bg3 {[%clk 00:06:42]} {[%emt 00:02:18]} Nb6 {[%clk 00:13:52]}
{[%emt 00:01:13]} 26. Kc1 {[%clk 00:04:48]} {[%emt 00:02:03]} Nbc4 {[%clk
00:13:08]} {[%emt 00:00:54]} 27. Ree2 {[%clk 00:03:03]} {[%emt 00:01:55]} Na3
{[%clk 00:11:05]} {[%emt 00:02:12]} 28. Bxe5 {[%clk 00:03:05]} {[%emt
00:00:09]} Bxe5 {[%clk 00:10:46]} {[%emt 00:00:30]} 29. Rxe5 {[%clk 00:03:11]}
{[%emt 00:00:03]} Nxc2 {[%clk 00:10:50]} {[%emt 00:00:06]} 30. Kxc2 {[%clk
00:03:19]} {[%emt 00:00:02]} Rc6 {[%clk 00:08:16]} {[%emt 00:02:44]} 31. a4
{[%emt 00:01:27]} Rb6 {[%clk 00:07:54]} {[%emt 00:00:31]} 32. axb5 {[%clk
00:01:49]} {[%emt 00:00:24]} axb5 {[%emt 00:00:24]} 33. Rc5 {[%emt 00:00:16]}
Kf6 {[%clk 00:07:14]} {[%emt 00:00:46]} 34. g4 {[%clk 00:01:24]} {[%emt
00:00:20]} h6 {[%clk 00:04:19]} {[%emt 00:03:04]} 35. Rc7 {[%clk 00:00:53]}
{[%emt 00:00:41]} Nf7 {[%clk 00:03:58]} {[%emt 00:00:32]} 36. gxf5 {[%clk
00:00:39]} {[%emt 00:00:24]} gxf5 {[%clk 00:03:24]} {[%emt 00:00:44]} 37. Bxf5
{[%clk 00:00:45]} {[%emt 00:00:04]} Ne5 {[%clk 00:02:59]} {[%emt 00:00:35]} 38.
Be4 {[%clk 00:00:50]} {[%emt 00:00:05]} h5 {[%clk 00:01:50]} {[%emt 00:01:19]}
39. Rh7 {[%clk 00:00:44]} {[%emt 00:00:15]} Nc4 {[%clk 00:01:40]} {[%emt
00:00:20]} 40. Rh6+ {[%clk 00:00:38]} {[%emt 00:00:16]} 1-0

[Event "ABC 2024 Utrecht, Groep B"]
[Site "Utrecht"]
[Date "2024.03.10"]
[Round "6.6"]
[White "Heus, Daan"]
[Black "Teianu, Sabin"]
[Result "0-1"]
[WhiteElo "1936"]
[BlackElo "1938"]

1. e4 {[%clk 00:55:16]} {[%emt 00:00:03]} e6 {[%clk 00:55:16]} {[%emt
00:00:04]} 2. d4 {[%clk 00:55:21]} {[%emt 00:00:05]} d5 {[%clk 00:55:20]}
{[%emt 00:00:06]} 3. exd5 {[%clk 00:55:12]} {[%emt 00:00:19]} exd5 {[%clk
00:55:23]} {[%emt 00:00:07]} 4. Bd3 {[%clk 00:55:04]} {[%emt 00:00:18]} Bd6
{[%clk 00:55:24]} {[%emt 00:00:09]} 5. Nf3 {[%clk 00:55:02]} {[%emt 00:00:12]}
Ne7 {[%clk 00:55:29]} {[%emt 00:00:05]} 6. Nc3 {[%clk 00:54:09]} {[%emt
00:01:04]} c6 {[%clk 00:55:28]} {[%emt 00:00:11]} 7. h3 {[%clk 00:53:56]}
{[%emt 00:00:23]} O-O {[%clk 00:55:09]} {[%emt 00:00:29]} 8. Be3 {[%clk
00:53:21]} {[%emt 00:00:45]} b5 {[%clk 00:54:55]} {[%emt 00:00:23]} 9. a3
{[%clk 00:52:58]} {[%emt 00:00:34]} Bf5 {[%clk 00:54:41]} {[%emt 00:00:22]} 10.
O-O {[%clk 00:52:03]} {[%emt 00:01:06]} Nd7 {[%clk 00:52:57]} {[%emt 00:01:53]}
11. Re1 {[%clk 00:50:56]} {[%emt 00:01:18]} Bxd3 {[%clk 00:52:31]} {[%emt
00:00:35]} 12. Qxd3 {[%clk 00:50:45]} {[%emt 00:00:22]} Ng6 {[%clk 00:52:26]}
{[%emt 00:00:15]} 13. Rad1 {[%clk 00:48:03]} {[%emt 00:02:52]} Qc7 {[%clk
00:52:05]} {[%emt 00:00:31]} 14. Bg5 {[%clk 00:44:08]} {[%emt 00:04:05]} Rfe8
{[%clk 00:48:26]} {[%emt 00:03:49]} 15. Re2 {[%clk 00:41:21]} {[%emt 00:02:57]}
Ndf8 {[%clk 00:46:42]} {[%emt 00:01:53]} 16. Rde1 {[%clk 00:40:11]} {[%emt
00:01:21]} Rxe2 {[%clk 00:46:26]} {[%emt 00:00:27]} 17. Nxe2 {[%clk 00:39:13]}
{[%emt 00:01:07]} Ne6 {[%clk 00:46:23]} {[%emt 00:00:13]} 18. h4 {[%clk
00:36:14]} {[%emt 00:03:09]} h6 {[%clk 00:41:36]} {[%emt 00:04:57]} 19. Bc1
{[%clk 00:34:27]} {[%emt 00:01:57]} Ngf4 {[%clk 00:35:18]} {[%emt 00:06:28]} 20.
Bxf4 {[%clk 00:33:42]} {[%emt 00:00:55]} Nxf4 {[%clk 00:35:11]} {[%emt
00:00:17]} 21. Nxf4 {[%clk 00:33:40]} {[%emt 00:00:12]} Bxf4 {[%clk 00:35:15]}
{[%emt 00:00:06]} 22. Qf5 {[%clk 00:31:56]} {[%emt 00:01:54]} Bd6 {[%clk
00:34:32]} {[%emt 00:00:53]} 23. h5 {[%clk 00:26:34]} {[%emt 00:05:32]} Qc8
{[%clk 00:28:10]} {[%emt 00:06:33]} 24. Nh4 {[%clk 00:25:11]} {[%emt 00:01:32]}
Qd8 {[%clk 00:17:21]} {[%emt 00:10:59]} 25. Qg4 {[%clk 00:22:46]} {[%emt
00:02:35]} Qf6 {[%clk 00:13:43]} {[%emt 00:03:49]} 26. Re3 {[%clk 00:20:34]}
{[%emt 00:02:22]} Qf4 {[%clk 00:12:26]} {[%emt 00:01:26]} 27. Qxf4 {[%clk
00:18:02]} {[%emt 00:02:42]} Bxf4 {[%clk 00:12:30]} {[%emt 00:00:06]} 28. Re7
{[%clk 00:15:38]} {[%emt 00:02:35]} Bg5 {[%clk 00:12:33]} {[%emt 00:00:06]} 29.
Nf5 {[%clk 00:15:21]} {[%emt 00:00:27]} Bxe7 {[%clk 00:12:32]} {[%emt
00:00:12]} 30. Nxe7+ {[%clk 00:15:27]} {[%emt 00:00:04]} Kf8 {[%clk 00:12:16]}
{[%emt 00:00:26]} 31. Nxc6 {[%clk 00:15:27]} {[%emt 00:00:11]} a5 {[%clk
00:11:15]} {[%emt 00:01:11]} 32. c3 {[%clk 00:15:04]} {[%emt 00:00:32]} f6
{[%clk 00:11:15]} {[%emt 00:00:10]} 33. b4 {[%clk 00:14:37]} {[%emt 00:00:37]}
a4 {[%clk 00:09:48]} {[%emt 00:01:37]} 34. f3 {[%clk 00:14:05]} {[%emt
00:00:42]} Ke8 {[%clk 00:08:50]} {[%emt 00:01:08]} 35. Kf2 {[%clk 00:13:17]}
{[%emt 00:00:57]} Kd7 {[%clk 00:07:33]} {[%emt 00:01:28]} 36. Na5 {[%clk
00:13:13]} {[%emt 00:00:14]} Rc8 {[%clk 00:07:08]} {[%emt 00:00:35]} 37. Nb7
{[%clk 00:12:43]} {[%emt 00:00:39]} Rxc3 {[%clk 00:07:04]} {[%emt 00:00:14]} 38.
Nc5+ {[%clk 00:12:43]} {[%emt 00:00:11]} Kc6 {[%clk 00:06:27]} {[%emt
00:00:47]} 0-1

[Event "ABC 2024 Utrecht, Groep B"]
[Site "Utrecht"]
[Date "2024.03.10"]
[Round "6.7"]
[White "Okita, Shinsaku"]
[Black "Teianu, Maxim"]
[Result "1-0"]
[WhiteElo "1833"]
[BlackElo "1818"]

1. e4 {[%clk 00:55:17]} {[%emt 00:00:02]} e6 {[%clk 00:55:15]} {[%emt
00:00:06]} 2. d4 {[%clk 00:55:25]} {[%emt 00:00:02]} d5 {[%clk 00:55:21]}
{[%emt 00:00:04]} 3. Bd3 {[%clk 00:55:31]} {[%emt 00:00:04]} Nf6 {[%clk
00:55:17]} {[%emt 00:00:14]} 4. e5 {[%clk 00:55:36]} {[%emt 00:00:05]} Nfd7
{[%clk 00:55:23]} {[%emt 00:00:04]} 5. c3 {[%clk 00:55:39]} {[%emt 00:00:07]}
c5 {[%clk 00:55:29]} {[%emt 00:00:04]} 6. Ne2 {[%clk 00:55:33]} {[%emt
00:00:16]} Nc6 {[%clk 00:55:34]} {[%emt 00:00:04]} 7. a3 {[%clk 00:55:38]}
{[%emt 00:00:06]} cxd4 {[%clk 00:55:34]} {[%emt 00:00:10]} 8. cxd4 {[%clk
00:55:36]} {[%emt 00:00:12]} f6 {[%clk 00:55:39]} {[%emt 00:00:05]} 9. Nf4
{[%clk 00:54:54]} {[%emt 00:00:51]} Nxd4 {[%clk 00:55:31]} {[%emt 00:00:19]} 10.
Qh5+ {[%clk 00:54:47]} {[%emt 00:00:17]} Ke7 {[%clk 00:55:36]} {[%emt
00:00:05]} 11. Ng6+ {[%clk 00:53:19]} {[%emt 00:01:38]} hxg6 {[%clk 00:55:39]}
{[%emt 00:00:07]} 12. exf6+ {[%clk 00:52:08]} {[%emt 00:01:21]} Nxf6 {[%clk
00:55:22]} {[%emt 00:00:27]} 13. Qxh8 {[%clk 00:51:50]} {[%emt 00:00:28]} Kf7
{[%clk 00:55:27]} {[%emt 00:00:04]} 14. O-O {[%clk 00:50:51]} {[%emt 00:01:10]}
Bd7 {[%clk 00:52:47]} {[%emt 00:02:50]} 15. b4 {[%clk 00:50:17]} {[%emt
00:00:43]} Rc8 {[%clk 00:50:10]} {[%emt 00:02:48]} 16. Bg5 {[%clk 00:49:36]}
{[%emt 00:00:51]} Nc6 {[%clk 00:44:58]} {[%emt 00:05:22]} 17. Nd2 {[%clk
00:46:45]} {[%emt 00:03:01]} Ne5 {[%clk 00:44:58]} {[%emt 00:00:10]} 18. Qh3
{[%clk 00:46:21]} {[%emt 00:00:33]} a6 {[%clk 00:38:51]} {[%emt 00:06:18]} 19.
Rfc1 {[%clk 00:45:54]} {[%emt 00:00:37]} Ra8 {[%clk 00:38:44]} {[%emt
00:00:16]} 20. Be2 {[%clk 00:45:16]} {[%emt 00:00:48]} Be7 {[%clk 00:37:01]}
{[%emt 00:01:53]} 21. Qh4 {[%clk 00:42:44]} {[%emt 00:02:42]} Bc6 {[%clk
00:34:42]} {[%emt 00:02:29]} 22. Nb3 {[%clk 00:41:44]} {[%emt 00:01:11]} Ned7
{[%clk 00:32:49]} {[%emt 00:02:03]} 23. Nd4 {[%clk 00:39:59]} {[%emt 00:01:54]}
Nb8 {[%clk 00:30:11]} {[%emt 00:02:49]} 24. Nf3 {[%clk 00:38:27]} {[%emt
00:01:42]} Nbd7 {[%clk 00:29:09]} {[%emt 00:01:11]} 25. Qf4 {[%clk 00:37:39]}
{[%emt 00:00:58]} Kg8 {[%clk 00:26:25]} {[%emt 00:02:55]} 26. Bd3 {[%clk
00:36:17]} {[%emt 00:01:33]} Nf8 {[%clk 00:26:28]} {[%emt 00:00:06]} 27. Re1
{[%clk 00:35:48]} {[%emt 00:00:39]} Bd6 {[%clk 00:25:00]} {[%emt 00:01:38]} 28.
Qh4 {[%clk 00:35:11]} {[%emt 00:00:46]} Qe7 {[%clk 00:24:32]} {[%emt 00:00:38]}
29. Nd4 {[%clk 00:31:48]} {[%emt 00:03:34]} Bd7 {[%clk 00:24:21]} {[%emt
00:00:21]} 30. f4 {[%clk 00:31:25]} {[%emt 00:00:33]} Qf7 {[%clk 00:23:54]}
{[%emt 00:00:37]} 31. Nf3 {[%clk 00:30:44]} {[%emt 00:00:51]} N6h7 {[%clk
00:22:36]} {[%emt 00:01:28]} 32. Ne5 {[%clk 00:29:08]} {[%emt 00:01:45]} Qe8
{[%clk 00:21:44]} {[%emt 00:01:02]} 33. Kh1 {[%clk 00:26:42]} {[%emt 00:02:36]}
Bb5 {[%clk 00:21:39]} {[%emt 00:00:16]} 34. Qg3 {[%clk 00:25:47]} {[%emt
00:01:03]} Bxd3 {[%clk 00:21:16]} {[%emt 00:00:35]} 35. Nxd3 {[%clk 00:25:28]}
{[%emt 00:00:28]} Qf7 {[%clk 00:21:03]} {[%emt 00:00:23]} 36. Re3 {[%clk
00:24:08]} {[%emt 00:01:29]} Qf5 {[%clk 00:20:51]} {[%emt 00:00:24]} 37. Rae1
{[%clk 00:23:15]} {[%emt 00:01:03]} Rc8 {[%clk 00:20:47]} {[%emt 00:00:13]} 38.
Ne5 {[%clk 00:21:19]} {[%emt 00:02:06]} Qc2 {[%clk 00:20:16]} {[%emt 00:00:41]}
39. Bh4 {[%clk 00:19:39]} {[%emt 00:01:51]} Qf5 {[%clk 00:19:53]} {[%emt
00:00:32]} 40. Qf3 {[%clk 00:18:28]} {[%emt 00:01:22]} Qc2 {[%clk 00:18:31]}
{[%emt 00:01:31]} 41. Qe2 {[%clk 00:18:05]} {[%emt 00:00:33]} Qf5 {[%clk
00:18:12]} {[%emt 00:00:30]} 42. Bg3 {[%clk 00:18:09]} {[%emt 00:00:06]} Nf6
{[%clk 00:17:56]} {[%emt 00:00:26]} 43. Qd3 {[%clk 00:16:40]} {[%emt 00:01:39]}
b5 {[%clk 00:16:00]} {[%emt 00:02:06]} 44. Qd4 {[%clk 00:15:14]} {[%emt
00:01:36]} Bb8 {[%clk 00:15:13]} {[%emt 00:00:57]} 45. Qb6 {[%clk 00:14:44]}
{[%emt 00:00:39]} Bxe5 {[%clk 00:13:34]} {[%emt 00:01:50]} 46. fxe5 {[%clk
00:14:23]} {[%emt 00:00:31]} Ne4 {[%clk 00:11:37]} {[%emt 00:02:05]} 47. Qxa6
{[%clk 00:14:12]} {[%emt 00:00:24]} Rc7 {[%clk 00:08:35]} {[%emt 00:03:11]} 48.
Qxb5 {[%clk 00:13:45]} {[%emt 00:00:37]} Nxg3+ {[%clk 00:07:54]} {[%emt
00:00:51]} 49. hxg3 {[%clk 00:12:57]} {[%emt 00:00:58]} Qc2 {[%clk 00:06:38]}
{[%emt 00:01:26]} 50. Qd3 {[%clk 00:12:50]} {[%emt 00:00:18]} Qc6 {[%clk
00:06:26]} {[%emt 00:00:22]} 51. b5 {[%clk 00:12:26]} {[%emt 00:00:34]} Qb6
{[%clk 00:06:32]} {[%emt 00:00:04]} 52. a4 {[%clk 00:12:09]} {[%emt 00:00:27]}
Ra7 {[%clk 00:06:37]} {[%emt 00:00:05]} 53. Qb3 {[%clk 00:11:45]} {[%emt
00:00:33]} Nd7 {[%clk 00:06:01]} {[%emt 00:00:46]} 54. Qb4 {[%clk 00:11:07]}
{[%emt 00:00:47]} Nc5 {[%clk 00:05:56]} {[%emt 00:00:17]} 55. Ra3 {[%clk
00:10:47]} {[%emt 00:00:30]} Ra5 {[%clk 00:05:30]} {[%emt 00:00:36]} 56. Rc1
{[%clk 00:10:44]} {[%emt 00:00:12]} Ne4 {[%clk 00:05:30]} {[%emt 00:00:10]} 57.
Rc6 {[%clk 00:10:14]} {[%emt 00:00:40]} Qd8 {[%clk 00:03:58]} {[%emt 00:01:42]}
58. b6 {[%clk 00:09:53]} {[%emt 00:00:31]} Qg5 {[%clk 00:03:20]} {[%emt
00:00:48]} 59. Qe1 {[%clk 00:08:54]} {[%emt 00:01:09]} Ra6 {[%clk 00:01:36]}
{[%emt 00:01:54]} 60. b7 {[%clk 00:08:37]} {[%emt 00:00:27]} Rxc6 {[%clk
00:01:42]} {[%emt 00:00:04]} 61. b8=Q+ {[%clk 00:08:33]} {[%emt 00:00:13]} Kh7
{[%clk 00:01:47]} {[%emt 00:00:06]} 62. g4 {[%clk 00:08:07]} {[%emt 00:00:36]}
Rc1 {[%clk 00:01:32]} {[%emt 00:00:24]} 63. Rh3+ {[%clk 00:08:12]} {[%emt
00:00:05]} Qh5 {[%clk 00:00:43]} {[%emt 00:00:59]} 64. Rxh5+ {[%emt 00:00:08]}
gxh5 {[%clk 00:00:48]} {[%emt 00:00:04]} 65. Qxc1 {[%clk 00:08:22]} {[%emt
00:00:04]} Nf2+ {[%clk 00:00:50]} {[%emt 00:00:07]} 66. Kg1 {[%clk 00:08:24]}
{[%emt 00:00:09]} Nxg4 {[%clk 00:00:53]} {[%emt 00:00:07]} 67. Qc6 {[%clk
00:08:22]} {[%emt 00:00:12]} Kg6 {[%clk 00:00:32]} {[%emt 00:00:32]} 68. Qxe6+
{[%clk 00:08:23]} {[%emt 00:00:08]} Kg5 {[%clk 00:00:25]} {[%emt 00:00:17]} 69.
Qd8+ {[%clk 00:08:21]} {[%emt 00:00:12]} Kf4 {[%clk 00:00:30]} {[%emt
00:00:05]} 70. Qh4 {[%clk 00:08:04]} {[%emt 00:00:26]} Ke4 {[%clk 00:00:34]}
{[%emt 00:00:07]} 71. Qhxg4+ {[%clk 00:07:45]} {[%emt 00:00:28]} hxg4 {[%clk
00:00:34]} {[%emt 00:00:11]} 72. Qxg4+ {[%clk 00:07:53]} {[%emt 00:00:02]} Kd3
{[%clk 00:00:35]} {[%emt 00:00:09]} 73. e6 {[%clk 00:07:03]} {[%emt 00:01:00]}
Kc2 {[%clk 00:00:39]} {[%emt 00:00:06]} 74. Qd4 {[%clk 00:07:02]} {[%emt
00:00:12]} Kb3 {[%clk 00:00:44]} {[%emt 00:00:04]} 75. e7 {[%clk 00:07:00]}
{[%emt 00:00:12]} Kc2 {[%clk 00:00:48]} {[%emt 00:00:06]} 76. e8=Q {[%clk
00:07:01]} {[%emt 00:00:09]} Kb3 {[%clk 00:00:53]} {[%emt 00:00:06]} 77. Qb5+
{[%clk 00:07:06]} {[%emt 00:00:04]} Ka3 {[%clk 00:00:55]} {[%emt 00:00:07]} 78.
Qdb2# {[%clk 00:07:10]} {[%emt 00:00:07]} 1-0